00727nam a2200241 a 4500001001000000003000500010005001700015008004100032010001100073011001100084020001800095040000900113245012500122260002400247300003100271650002600302650002900328650002700357650001700384650003500401650002700436700002200463000108539CHAP20220329144016.0140221s2012 it a |r| |||||||spa d a105001 a105973 a9789253072057 cCHAP10aPérdidas y desperdicio de alimentos en el mundo :balcance, causas y prevención /cpor Jenny Gustavsson ...[et al.]. aRoma :bFAO,c2012. avi, 33 p. :bil., gráfs. 4aConsumo de alimentos. 4aCosechasxPérdidas de. 4aDesechos alimentarios. 4aNutrición. 4aPérdidas por almacenamiento. 4aSeguridad alimentaria.1 aGustavsson, Jenny